000 00533nam a2200205Ia 4500
005 20250326143840.0
008 250326s9999 xx 000 0 und d
020 _a1-56327-334-9
037 _aTextbook
040 _aFMSL
_beng
_cFMSL
041 _aeng
_2eng
084 _aX:89A P6
_qFMSL
100 _aBrown M G
_9748622
245 0 _aBaldrige award winning quality
_cBrown M G
250 _a15
260 _aNY
_bNY, Productivity
_c2006
300 _a360p
942 _cTB
_hX:89A P6
999 _c1301317
_d1301317